000
00289nam a22001217a 4500
008
170706b xxu||||| |||| 00| 0 eng d
041
_a
eng
080
_a
82
100
_a
22
101
_a
GJL
245
_a
THE CASE FOR BOOK PAST PRESENT AND FUTURE
_c
DARNTON.R
942
_2
udc
_c
BK
999
_c
19976
_d
19976